Formula 1 Maailmanmestarit - Statistics

Yleistilastot
  • Tätä visaa on pelattu 810 kertaa
  • Keskiarvotulos 18 / 33
Vastaustilastot
Mestari vuosina Maa Mestari % Oikein
2007 Suomi Kimi Räikkönen
99%
2008, 2014, 2015, 2017, 2018, 2019 Iso Britannia Lewis Hamilton
97%
1998, 1999 Suomi Mika Häkkinen
95%
1982 Suomi Keke Rosberg
93%
1994, 1995, 2000, 2001, 2002, 2003, 2004 Saksa Michael Schumacher
93%
2016 Saksa Nico Rosberg
93%
2010, 2011, 2012, 2013 Saksa Sebastian Vettel
91%
1988, 1990, 1991 Brasilia Ayrton Senna
88%
2005, 2006 Espanja Fernando Alonso
87%
2009 Iso Britannia Jenson Button
76%
1985, 1986, 1989, 1993 Ranska Alain Prost
74%
1975, 1977, 1984 Itävalta Niki Lauda
74%
1997 Kanada Jacques Villeneuve
67%
1996 Iso Britannia Damon Hill
57%
1962, 1968 Iso Britannia Graham Hill
56%
1961 USA Phil Hill
55%
1951, 1954, 1955, 1956, 1957 Argentiina Juan Manuel Fangio
53%
1992 Iso Britannia Nigel Mansell
51%
1981, 1983, 1987 Brasilia Nelson Piquet
50%
1976 Iso Britannia James Hunt
41%
1972, 1974 Brasilia Emerson Fittipaldi
39%
1952, 1953 Italia Alberto Ascari
34%
1950 Italia Giuseppe Farina
32%
1969, 1971, 1973 Iso Britannia Jackie Stewart
32%
1978 USA Mario Andretti
29%
1963, 1965 Iso Britannia Jim Clark
28%
1980 Australia Alan Jones
26%
1959, 1960, 1966 Australia Jack Brabham
26%
1979 Etelä-Afrikka Jody Scheckter
26%
1970 Itävalta Jochen Rindt
24%
1964 Iso Britannia John Surtees
19%
1967 Uusi-Seelanti Denny Hulme
18%
1958 Iso Britannia Mike Hawthorn
18%
Ehtoja vastaavia visoja ei löytynyt
Tulosjakauma
Jokaisen tuloksen saaneiden osuus
Persentiili vastausten määrän mukaan
Tuloshistoriasi
Et ole pelannut tätä visaa